000 00264nam a2200109Ia 4500
008 220217s9999 xx 000 0 und d
245 0 _aSpecification for bicycle tyres
260 _c1963
500 _aStandard number: IS 2414
650 _aCycle tyre
942 _cST
999 _c73621
_d73621